| 000 | 00781nam a2200181 4500 | ||
|---|---|---|---|
| 001 | 138438 | ||
| 003 | ES-MaACL | ||
| 005 | 20250814083045.0 | ||
| 007 | t| | ||
| 008 | 070214s1904 sp r ||||1| spa d | ||
| 100 | 1 |
_aSangro y Ros de Olano, Pedro, _cMarqués de Guad-el-Jelú. _9103144 |
|
| 245 | 1 | 0 |
_aEstudio sobre el alcoholismo y males que ocasiona al individuo, a la familia y a la sociedad _b: memoria premiada en los Juegos Florales celebrados en Córdoba el día 20 de mayo de 1904 / _cescrita por Pedro Sangro y Ros de Olano. |
| 260 |
_aMadrid : _b[s. n.], _c1904 ( _fImp. del Asilo de Huerfános del S. C. de Jesús) |
||
| 300 |
_a56 p. ; _c24 cm. |
||
| 711 | 2 |
_aJuegos Florales _d(1904. _cCórdoba) _9135172 |
|
| 852 |
_aES-MaACL _jT-1028-F-2 |
||
| 999 |
_c138438 _d138438 |
||